000 00986aam a2200325 i 4500
001 768714001
003 CO-MdFUSB
005 20250604092517.0
007 ta
008 160824t2001 sp |||| |||| 00| 0 spa d
020 _a84-288-1301-9
040 _cCO-MdFUSB
041 0 _aspa
_heng
082 0 4 _223
_a248.482
_bN9349s
100 1 _aNouwen, Henri J. M. (1932-1996)
_eautor
240 _aLifesings, Intimacy, Fecundy, and Ecstasy in christian perspective
245 1 0 _aSignos de vida :
_bintimidad, fecundidad y éxtasis
_c/ Henri J. M. Nouwen ; traducido por Emilio Ortega Sebastián
250 _acuarta edición
264 1 _aMadrid, España :
_bPPC
_c[2001]
264 4 _c©2001
300 _a127 páginas
336 _atexto
_btxt
_2rdacontent
337 _2rdamedia
_asin mediación
_bn
338 _2rdacarrier
_avolumen
_bnc
490 _aColección Sauce,
563 _aRústico
650 0 _aVida espiritual
_951
942 _cBK
945 _aJTF-925
999 _c36014
_d36014